Geography Puzzle Hunt: Capital Quiz Stats

 Plays Quiz not verified by Sporcle

Score 0/13 Timer 05:00
0 Plays Today
Category Capital % Correct
Nordic Country Capitals???
100%
Nordic Country Capitals???
99.3%
Nordic Country Capitals???
99.3%
Nordic Country Capitals???
98.6%
Nordic Country Capitals???
97.8%
Central American Capitals???
97.1%
Southernmost Capital???
95.3%
Central American Capitals???
94.2%
Central American Capitals???
94.2%
Central American Capitals???
93.1%
Central American Capitals???
93.1%
Central American Capitals???
91%
Central American Capitals???
90.6%

You're not logged in!

Compare scores with friends on all Sporcle quizzes.
OR
Log In

Show Comments

Extras

Top Quizzes Today


Score Distribution

Your Account Isn't Verified!

In order to create a playlist on Sporcle, you need to verify the email address you used during registration. Go to your Sporcle Settings to finish the process.

Report this User

Report this user for behavior that violates our Community Guidelines.

Details: